[Event "SVK-chT 2223"]
[Site "Slovakia"]
[Date "2023.03.31"]
[Round "9.3"]
[White "Zvarik, Martin"]
[Black "Mikrut, Dariusz"]
[Result "1/2-1/2"]
[WhiteElo "2160"]
[BlackElo "2316"]
[PlyCount "103"]
[EventDate "2022.10.22"]
[EventType "team-tourn"]
[EventRounds "11"]
[EventCountry "SVK"]
[SourceTitle "EXT 2024"]
[Source "ChessBase"]
[SourceDate "2023.10.10"]
[SourceVersion "1"]
[SourceVersionDate "2023.10.10"]
[SourceQuality "1"]
[WhiteTeam "Zilina Mladost"]
[BlackTeam "Liptov Chess School"]
[WhiteTeamCountry "SVK"]
[BlackTeamCountry "SVK"]

1. d4 g6 2. Nf3 Bg7 3. c4 Nf6 4. Nc3 0-0 5. e4 d6 6. Be2 Nbd7 7. Qc2 c5 8. d5 e6 9. dxe6 fxe6 10. h3 a6 11. Be3 Qc7 12. 0-0 Nb8 13. a3 Nc6 14. b4 Nd7 15. Qd2 Nde5 16. Nxe5 Bxe5 17. Rab1 Nd4 18. f4 Bg7 19. bxc5 dxc5 20. e5 Rd8 21. Qb2 b5 22. cxb5 axb5 23. Nxb5 Nxe2+ 24. Qxe2 Qc6 25. Rfc1 Ba6 26. Rxc5 Qe4 27. Rb4 Qf5 28. Qf3 Bxb5 29. Rcxb5 Rxa3 30. Rb8 Rxb8 31. Rxb8+ Bf8 32. Qf2 Ra1+ 33. Kh2 Rb1 34. Rc8 Rb7 35. Qh4 Kg7 36. Qd8 Rf7 37. Rc7 h5 38. Qf6+ Qxf6 39. exf6+ Kg8 40. Rc6 Rxf6 41. Kg3 Bh6 42. h4 Kf7 43. Kf3 Rf5 44. Rc7+ Ke8 45. Ke4 e5 46. Kd5 Bxf4 47. Ke6 Kf8 48. Bc5+ Kg8 49. Be7 e4 50. Rc4 Be5 51. Rxe4 Bg7 52. g4 1/2-1/2

[Event "SVK-chT2C 2122"]
[Site "Slovakia"]
[Date "2022.03.26"]
[Round "8.1"]
[White "Zvarik, Martin"]
[Black "Meers, Hubert"]
[Result "1/2-1/2"]
[WhiteElo "2241"]
[BlackElo "2013"]
[PlyCount "44"]
[EventDate "2021.10.16"]
[EventType "team-tourn"]
[EventRounds "11"]
[EventCountry "SVK"]
[SourceTitle "EXT 2023"]
[Source "ChessBase"]
[SourceDate "2022.10.05"]
[SourceVersion "1"]
[SourceVersionDate "2022.10.05"]
[SourceQuality "1"]
[WhiteTeam "Zilina Mladost II"]
[BlackTeam "Bziny"]
[WhiteTeamCountry "SVK"]
[BlackTeamCountry "SVK"]

1. e4 c6 2. d4 d5 3. Nd2 dxe4 4. Nxe4 Bf5 5. Ng3 Bg6 6. Nf3 Nd7 7. Nh4 e5 8. Nxg6 hxg6 9. dxe5 Qa5+ 10. Bd2 Qxe5+ 11. Qe2 Ngf6 12. f4 Qxe2+ 13. Bxe2 0-0-0 14. 0-0-0 Nc5 15. Bf3 Bd6 16. Kb1 Rh4 17. Ne2 Nce4 18. Be3 Bc5 19. Rxd8+ Kxd8 20. Bxc5 Nxc5 21. Kc1 Kc7 22. h3 Rh8 1/2-1/2

[Event "SVK-chT 2122"]
[Site "Slovakia"]
[Date "2022.02.20"]
[Round "4.2"]
[White "Zvarik, Martin"]
[Black "Bures, Jaroslav"]
[Result "0-1"]
[WhiteElo "2249"]
[BlackElo "2394"]
[PlyCount "56"]
[EventDate "2021.10.23"]
[EventType "team-tourn"]
[EventRounds "11"]
[EventCountry "SVK"]
[SourceTitle "EXT 2023"]
[Source "ChessBase"]
[SourceDate "2022.10.05"]
[SourceVersion "1"]
[SourceVersionDate "2022.10.05"]
[SourceQuality "1"]
[WhiteTeam "Zilina Mladost"]
[BlackTeam "Bratislava Slovan"]
[WhiteTeamCountry "SVK"]
[BlackTeamCountry "SVK"]

1. Nf3 c5 2. g3 Nc6 3. Bg2 e5 4. d3 d5 5. 0-0 Be7 6. c3 Nf6 7. Nbd2 0-0 8. e4 Be6 9. Re1 d4 10. Qc2 Nd7 11. a4 a6 12. h3 b5 13. Kh2 Qb6 14. c4 Nb4 15. Qb1 Rab8 16. b3 f5 17. axb5 axb5 18. exf5 Bxf5 19. Ne4 bxc4 20. bxc4 Qg6 21. Ra7 Nc6 22. Rb7 Rxb7 23. Qxb7 Nb4 24. g4 Bxe4 25. Rxe4 Qd6 26. Ne1 Rxf2 27. Kg1 Ra2 28. g5 Ra1 0-1

[Event "SVK-chT 2122"]
[Site "Slovakia"]
[Date "2021.10.24"]
[Round "2.4"]
[White "Tropp, Lukas"]
[Black "Zvarik, Martin"]
[Result "1/2-1/2"]
[WhiteElo "2134"]
[BlackElo "2249"]
[PlyCount "87"]
[EventDate "2021.10.23"]
[EventType "team-tourn"]
[EventRounds "11"]
[EventCountry "SVK"]
[SourceTitle "CBM 204 Extra"]
[Source "ChessBase"]
[SourceDate "2021.11.30"]
[SourceVersion "1"]
[SourceVersionDate "2021.11.30"]
[SourceQuality "1"]
[WhiteTeam "Kosice Slavia UPJS"]
[BlackTeam "Zilina Mladost"]
[WhiteTeamCountry "SVK"]
[BlackTeamCountry "SVK"]

1. Nf3 Nf6 2. g3 g6 3. Bg2 Bg7 4. 0-0 0-0 5. d3 d5 6. Nbd2 c5 7. Re1 Nc6 8. e4 e5 9. a4 b6 10. b3 Bb7 11. Bb2 d4 12. Nc4 Qc7 13. Nh4 a6 14. a5 b5 15. Nb6 Rae8 16. Qd2 b4 17. Nc4 Bc8 18. h3 Be6 19. Ra2 Nd7 20. f4 Bh6 21. Bc1 f6 22. Qf2 Bxc4 23. dxc4 Ndb8 24. Qf3 Nxa5 25. Qg4 Bg7 26. Bf1 Nac6 27. Bd2 a5 28. Bd3 Nd7 29. f5 g5 30. Nf3 h6 31. h4 Kf7 32. Qh5+ Ke7 33. Qg6 Rf7 34. hxg5 hxg5 35. Qh5 Rh8 36. Qg4 Bf8 37. Kg2 Rfh7 38. Raa1 Kd6 39. Rh1 Nb6 40. Rag1 Rxh1 41. Rxh1 Rxh1 42. Kxh1 Qh7+ 43. Kg2 Be7 44. Qh3 1/2-1/2

[Event "SVK-chT2C 1920"]
[Site "Slovakia"]
[Date "2020.03.07"]
[Round "10.1"]
[White "Zvarik, Martin"]
[Black "Turcan, Richard"]
[Result "0-1"]
[WhiteElo "2253"]
[BlackElo "2131"]
[PlyCount "60"]
[EventDate "2019.10.26"]
[EventType "team-tourn"]
[EventRounds "11"]
[EventCountry "SVK"]
[SourceTitle "CBM 195 Extra"]
[Source "ChessBase"]
[SourceDate "2020.05.31"]
[SourceVersion "1"]
[SourceVersionDate "2020.05.31"]
[SourceQuality "1"]
[WhiteTeam "Zilina Mladost II"]
[BlackTeam "Banska Bystrica Veza"]
[WhiteTeamCountry "SVK"]
[BlackTeamCountry "SVK"]

1. d4 Nf6 2. Bg5 c5 3. d5 e5 4. Nc3 d6 5. e4 a6 6. a4 h6 7. Bxf6 Qxf6 8. Be2 Nd7 9. Nf3 g6 10. Nd2 Rb8 11. Nc4 b6 12. Bg4 Bg7 13. h4 0-0 14. h5 b5 15. Ne3 c4 16. axb5 axb5 17. Bf3 Nc5 18. Ra5 Bd7 19. Na2 Qd8 20. Ra3 f5 21. hxg6 b4 22. Ra7 b3 23. Nc1 fxe4 24. Bg4 c3 25. bxc3 b2 26. Bxd7 b1Q 27. Be6+ Nxe6 28. dxe6 Rb7 29. Qd5 Qe7 30. Qxb7 Qbxb7 0-1

[Event "SVK-chT2C 1920"]
[Site "Slovakia"]
[Date "2019.12.15"]
[Round "6.1"]
[White "Pniaczek, Marek"]
[Black "Zvarik, Martin"]
[Result "1-0"]
[WhiteElo "2110"]
[BlackElo "2253"]
[PlyCount "49"]
[EventDate "2019.10.26"]
[EventType "team-tourn"]
[EventRounds "11"]
[EventCountry "SVK"]
[SourceTitle "CBM 194 Extra"]
[Source "ChessBase"]
[SourceDate "2020.03.31"]
[SourceVersion "1"]
[SourceVersionDate "2020.03.31"]
[SourceQuality "1"]
[WhiteTeam "Bziny"]
[BlackTeam "Zilina Mladost II"]
[WhiteTeamCountry "SVK"]
[BlackTeamCountry "SVK"]

1. e4 e5 2. Nf3 Nc6 3. Bb5 a6 4. Ba4 d6 5. d4 b5 6. Bb3 Nxd4 7. Nxd4 exd4 8. c3 Bb7 9. 0-0 Be7 10. cxd4 Nf6 11. Nc3 0-0 12. f3 c5 13. Be3 c4 14. Bc2 b4 15. Ne2 Re8 16. d5 Nd7 17. Ba4 Bf6 18. Bd4 Be5 19. Rc1 Rc8 20. Qd2 a5 21. Bb5 f5 22. exf5 Bxd5 23. Nf4 Bf7 24. Ne6 Qe7 25. Bxd7 1-0

[Event "SVK-chT 1920"]
[Site "Slovakia"]
[Date "2019.10.20"]
[Round "2.2"]
[White "Motycakova, Monika"]
[Black "Zvarik, Martin"]
[Result "1-0"]
[WhiteElo "2126"]
[BlackElo "2314"]
[PlyCount "83"]
[EventDate "2019.10.19"]
[EventType "team-tourn"]
[EventRounds "11"]
[EventCountry "SVK"]
[SourceTitle "CBM 192 Extra"]
[Source "Chessbase"]
[SourceDate "2019.11.06"]
[SourceVersion "1"]
[SourceVersionDate "2019.11.06"]
[SourceQuality "1"]
[WhiteTeam "Liptov Chess School"]
[BlackTeam "Zilina Mladost"]
[WhiteTeamCountry "SVK"]
[BlackTeamCountry "SVK"]

1. e4 e5 2. Nf3 Nc6 3. Bb5 a6 4. Ba4 d6 5. Bxc6+ bxc6 6. d4 Nf6 7. Nc3 exd4 8. Qxd4 Be7 9. e5 Ng4 10. Bf4 dxe5 11. Qxd8+ Bxd8 12. Nxe5 0-0 13. 0-0 Nxe5 14. Bxe5 Bf5 15. Rfe1 Re8 16. Bf4 Re6 17. Rxe6 Bxe6 18. Rd1 Bf5 19. Rd2 g5 20. Be5 h5 21. Ne2 f6 22. Bc3 Kf7 23. Nd4 Bd7 24. Nb3 Be6 25. Nc5 Bd5 26. b3 Be7 27. Bd4 Re8 28. Kf1 Bd6 29. c4 Be4 30. Nxa6 Bf4 31. Be3 Bxh2 32. Rd7+ Re7 33. Rxe7+ Kxe7 34. Nc5 Bc2 35. g3 f5 36. Bxg5+ Kd6 37. Nb7+ Ke5 38. Kg2 Bxg3 39. fxg3 Bb1 40. a4 Kd4 41. a5 Be4+ 42. Kf2 1-0

[Event "SVK-chT 1819"]
[Site "Slovakia"]
[Date "2019.03.10"]
[Round "8.1"]
[White "Zvarik, Martin"]
[Black "Molnar, Erno"]
[Result "1-0"]
[WhiteElo "2329"]
[BlackElo "2233"]
[PlyCount "51"]
[EventDate "2018.11.10"]
[EventType "team-tourn"]
[EventRounds "11"]
[EventCountry "SVK"]
[SourceTitle "CBM 189 Extra"]
[Source "ChessBase"]
[SourceDate "2019.06.03"]
[SourceVersion "1"]
[SourceVersionDate "2019.06.03"]
[SourceQuality "1"]
[WhiteTeam "Zilina Mladost"]
[BlackTeam "Komarno"]
[WhiteTeamCountry "SVK"]
[BlackTeamCountry "SVK"]

1. e4 e5 2. Nf3 Nc6 3. Bb5 a6 4. Ba4 Nf6 5. d3 b5 6. Bb3 Bc5 7. Nc3 h6 8. Nd5 0-0 9. c3 d6 10. Nxf6+ Qxf6 11. Bd5 Bd7 12. Rg1 h5 13. h3 g6 14. g4 hxg4 15. hxg4 Qh8 16. Ke2 Rfe8 17. Rh1 Qg7 18. Bh6 Qf6 19. Bg5 Qg7 20. Qg1 Rab8 21. Qg3 Ne7 22. Bb3 d5 23. exd5 Rb6 24. Nd2 e4 25. Nxe4 Nc8 26. Kd2 1-0